Matrimonio e sacramento
Guardat en:
| Format: | Llibre |
|---|---|
| Idioma: | italià |
| Publicat: |
Ciudad del Vaticano
Libreria Editrice Vaticana
2004
|
| Edició: | 1a. ed |
| Col·lecció: | Studi Giuridici, LXV
|
| Matèries: | |
| Etiquetes: |
Afegir etiqueta
Sense etiquetes, Sigues el primer a etiquetar aquest registre!
|
MARC
| LEADER | 00000cam a2200000 a 4500 | ||
|---|---|---|---|
| 001 | UCD2134 | ||
| 003 | CL-VaPUC | ||
| 008 | 160414e20040000vc |||||||||||||||||ita|d | ||
| 020 | |a 8820975521 | ||
| 082 | 0 | 4 | |a 234.165 |b MAT |2 21 |
| 245 | 1 | 0 | |a Matrimonio e sacramento |
| 250 | |a 1a. ed | ||
| 300 | |a 137 p | ||
| 942 | |c BK | ||
| 945 | |d 20160414 22:20:00 |a arojas | ||
| 260 | |a Ciudad del Vaticano |b Libreria Editrice Vaticana |c 2004 | ||
| 650 | 7 | |a MATRIMONIO |2 CL-VaPUC |9 585395 | |
| 650 | 0 | |a Sacramentos |9 257270 | |
| 650 | 0 | |a Iglesia Católica |9 256114 | |
| 583 | |a last modification |c 20160414 22:20:00 |k Rodrigo Vera | ||
| 490 | 0 | |a Studi Giuridici, LXV | |
| 999 | |c 363329 |d 363327 | ||
| 952 | |0 0 |1 0 |3 erb |4 0 |6 234_165000000000000_MAT_2004 |7 0 |8 A |9 475516 |a BIBDER |b BIBDER |i 5280656 |o 234.165 MAT 2004 |p 5280656 |r 2023-01-25 |w 2019-11-24 |y BK |z Catalogado en:20160414 |k DER | ||